Κατάλογος Βιβλιοθηκών Mediterranean College

Διοίκηση Εκμετάλλευσης / Operations Management (Record no. 1217)

MARC details
000 -LEADER
fixed length control field 01633cam a22002054a 4500
005 - ΗΜΕΡΟΜΗΝΙΑ ΚΑΙ ΩΡΑ ΤΕΛΕΥΤΑΙΑΣ ΕΝΗΜΕΡΩΣΗΣ
Πεδίο ελέγχου 20250605164001.0
008 - FIXED-LENGTH DATA ELEMENTS--GENERAL INFORMATION
Πεδίο ελέγχου σταθερού μήκους 250528s ||||||||||||||||||||||||d
035 ## - SYSTEM CONTROL NUMBER
System control number 15653
020 ## - ISBN
ISBN 9602095822
040 ## - ΠΗΓΗ ΚΑΤΑΛΟΓΟΓΡΑΦΗΣΗΣ
Φορέας πρωτότυπης καταλογογράφησης MC Athens Campus Library
Γλώσσα καταλογογράφησης Ελληνικά, Μοντέρνα (1453-)
Modifying agency MC Athens Campus Library
Κανόνες περιγραφικής καταλογογράφησης AACR2
245 1# - ΤΙΤΛΟΣ ΚΑΙ ΔΗΛΩΣΗ ΥΠΕΥΘΥΝΟΤΗΤΑΣ
Τίτλος Διοίκηση Εκμετάλλευσης / Operations Management
260 ## - PUBLICATION, DISTRIBUTION, ETC.
Name of publisher, distributor, etc. Κλειδάριθμος,
Date of publication, distribution, etc. 2005
300 ## - PHYSICAL DESCRIPTION
Extent 560
520 ## - SUMMARY, ETC.
Summary, etc. Στα θέματα που καλύπτει το βιβλίο περιλαμβάνεται η κατανόηση και ο έλεγχος των κύριων παραγόντων για οποιαδήποτε επιχειρηματική δραστηριότητα όπως το κόστος, η ποιότητα, η ταχύτητα παράδοσης και η ευελιξία. Ο Σκοπός της Διοίκησης Παραγωγής και Εκμετάλευσης, Λήψη Αποφάσεων: Έννοιες και Εργαλεία, Προβλέψεις, Γεωγραφική Επιλογή Εγκαταστάσεων, Σχεδιασμός του Συστήματος Εργασίας και Μέτρηση Εργασίας, Σχεδιασμός και Χωροταξίας Εγκαταστάσεων, Διαχείριση Αποθεμάτων, Επενδυτικές Αποφάσεις για τις Εγκαταστάσεις, Διαχείριση Έργου, Σειρές Αναμονής και Ουρές, Διασφάλιση Ποιότητας, Γλωσσάρι, Ευρετήριο.
700 1# - ΠΡΟΣΘΕΤΗ ΑΝΑΓΡΑΦΗ--ΦΥΣΙΚΟ ΠΡΟΣΩΠΟ
Personal name Shim Jae K
9 (RLIN) 907
700 1# - ΠΡΟΣΘΕΤΗ ΑΝΑΓΡΑΦΗ--ΦΥΣΙΚΟ ΠΡΟΣΩΠΟ
Personal name Siegel Joel G
9 (RLIN) 908
942 ## - ADDED ENTRY ELEMENTS (KOHA)
Koha item type Books
Holdings
Τύπος τεκμηρίου Βιβλιοθήκη Τρέχουσα τοποθεσία Barcode Αριθμός εισαγωγής Ημερομηνία απόκτησης Ταξιθετικό σύμβολο Αριθμός αντιτύπου Κατάσταση απόσυρσης Κατάσταση χαμένου Κατάσταση κατεστραμμένου Μη δανεισμός Σύνολο δανεισμών Ημερομηνία τελευταίας εμφάνισης Η τιμή ισχύει από
Books MC Athens Campus Library MC Athens Campus Library 9780000012166 2005 05/06/2025 658.5 SHI 2           05/06/2025 05/06/2025

MC Athens Campus Library
Πατησίων 94 & Κοδριγκτώνος 13, 104 34
Πελλήνης 8 & Πατησίων 107, 112 51
Τ: +30 210 8899600

MC Thessaloniki Campus Library
Ίωνος Δραγούμη 21, 54625 | Ίωνος Δραγούμη 15, 54625
Τ: +30 2310 287779 – Τ: +30 2314 440300